Preparation of catalysts V : scientific bases for the preparation of heterogeneous catalysts : proceedings of the fifth international symposium, Louvain-la-Neuve, September 3-6, 1990 /

Guardado en:
Autor Corporativo: International symposium on the Scientific Bases for the Preparation of Heterogeneous Catalysts Louvain-la-Neuve, Belgium)
Otros Autores: Poncelet, G., (Editor , ed.)
Formato: Libro
Idioma:English
Publicado: Amsterdam : Elsevier, 1991.
Series:Studies in surface science and catalysis ; 63
Materias:
Etiquetas: Agregar Etiqueta
Sin Etiquetas, Sea el primero en etiquetar este registro!
LEADER 01107nam a22002295a 4500
001 EIQ.libpla000733
008 060503s1991####ne#ao####b####101#0#eng#d
005 20071218173601.0
245 1 0 |a Preparation of catalysts V :  |b scientific bases for the preparation of heterogeneous catalysts : proceedings of the fifth international symposium, Louvain-la-Neuve, September 3-6, 1990 /  |c editors G. Poncelet ... [et al.]. 
260 |a Amsterdam :  |b Elsevier,  |c 1991. 
300 |a xiv, 748 p. :  |b il., fotos ;  |c 24 cm. 
440 0 |a Studies in surface science and catalysis ;  |v 63 
504 |a Incluye referencias bibliográficas e índice. 
020 |a 0444886168 
111 2 |a International symposium on the Scientific Bases for the Preparation of Heterogeneous Catalysts  |n (5th. :  |d 1990 :  |c Louvain-la-Neuve, Belgium) 
700 1 |a Poncelet, G.,  |e ed.  |4 edt 
650 4 |a Catalizadores  |x Congresos. 
650 4 |a Catálisis heterogénea  |x Congresos. 
650 4 |a Catalysts  |x Congresses. 
650 4 |a Heterogeneous catalysis  |x Congresses. 
040 |a AR-BbSID  |b spa  |c AR-BbSID 
859 |a AR-BbSID  |b BIB. PLAPIQUI  |h 541.395  |i S 1  |p 3962